000 00655nam a2200253Ia 4500
003 OSt
005 20220918174302.0
006 a|||||r|||| 00| 0
007 ta
008 220917b |||||||| |||| 00| 0 eng d
024 _a11,435
037 _cTextual
040 _aARTS
_cARTS
_beng
041 _2eng
_aeng
082 _aM7, J4
100 _aHess Katharine Paddock
_949847
245 0 _aTextile fiber and their use
250 _a5th
260 _aChicago
_bJ B Lippincott company
_c1954
300 _a544
_ccm.
650 _aINDUSTRIAL ARTS
942 _hM7, J4
_cTEXL
_2CC
999 _c152534
_d152534